| 000 | 00485nam a2200169Ia 4500 | ||
|---|---|---|---|
| 008 | 121030t1991 xxu||||| |||| 00| 0 sin d | ||
| 041 | _asin | ||
| 080 |
_aX8S1 _bDIS |
||
| 100 | _aJayathilaka Disanayaka | ||
| 245 | _aනුඹ විතරක් සුදු ම සුදුයි | ||
| 246 | _aNumba Vitharak Suduma Sudui | ||
| 260 |
_bSima Thilaka Mudhdhranalaya _a- _c1991 |
||
| 300 | _b62p., 19 cm | ||
| 942 | _cBK | ||
| 999 |
_c75585 _d75585 |
||
| 003 | LK-CoDNM | ||
| 040 |
_aLK-CoDNM _dLK-CoDNM _eLK-CoDNM |
||